00290nam a2200121Ia 4500008004100000020000500041082002000046100001700066245003200083260004100115300000700156650000500163140316s9999 xx 000 0 und d a a808.068bHAK/TA aHaksar,A N D aTales from the panchatantra aNew DelhibNational Book Trustc1992 a98 a